[Event "4NCL"]
[Site "De Vere, Sunningdale, ENG"]
[Date "2011.02.20"]
[Round "6.31"]
[White "Girdlestone, Paul C"]
[Black "Crouch, Colin S"]
[Result "0-1"]
[WhiteElo "2182"]
[BlackElo "2343"]
[PlyCount "86"]
[EventDate "2011.??.??"]
[WhiteTeam "Brown Jack"]
[BlackTeam "Braille Chess Assoc"]

1. Nf3 d5 2. d4 Nf6 3. Bf4 e6 4. Nbd2 c5 5. e3 Nc6 6. c3 Bd6 7. dxc5 Bxc5 8.
Bd3 O-O 9. O-O Qe7 10. e4 dxe4 11. Nxe4 Nxe4 12. Bxe4 e5 13. Re1 exf4 14. Bxc6
Bxf2+ 15. Kxf2 Qc5+ 16. Qd4 Qxc6 17. Rad1 Be6 18. b3 Qc7 19. c4 Rad8 20. Qxa7
Ra8 21. Qd4 Rxa2+ 22. Re2 Rxe2+ 23. Kxe2 h6 24. Qd6 Rc8 25. Qxc7 Rxc7 26. Rd8+
Kh7 27. Nd4 Bg4+ 28. Kd3 g5 29. Ke4 Re7+ 30. Kd5 h5 31. c5 h4 32. h3 f3 33.
Nxf3 Bxf3+ 34. gxf3 Re3 35. Kc4 Rxf3 36. Rd7 g4 37. hxg4 h3 38. Rd5 Kg6 39. b4
Rg3 40. Kb5 Rxg4 41. Rd2 Kg5 42. Ka5 Rh4 43. Rh2 Kg4 0-1

[Event "4NCL"]
[Site "De Vere, Sunningdale, ENG"]
[Date "2011.02.20"]
[Round "6.31"]
[White "Ross, Chris N"]
[Black "Richmond, Peter A"]
[Result "1/2-1/2"]
[WhiteElo "2223"]
[BlackElo "2252"]
[PlyCount "81"]
[EventDate "2011.??.??"]
[WhiteTeam "Braille Chess Assoc"]
[BlackTeam "Brown Jack"]

1. Nf3 d5 2. d4 Nf6 3. c4 c6 4. e3 e6 5. Bd3 dxc4 6. Bxc4 b5 7. Bd3 a6 8. a4
Bb7 9. O-O Nbd7 10. Nbd2 Bd6 11. e4 e5 12. dxe5 Nxe5 13. Nxe5 Bxe5 14. Nf3 Qc7
15. Nxe5 Qxe5 16. Qe2 Rd8 17. Be3 O-O 18. f4 Qh5 19. Qxh5 Nxh5 20. Rad1 Nf6 21.
Bb6 Rb8 22. Bc5 Rfe8 23. Rfe1 Rbd8 24. e5 Nd5 25. f5 Bc8 26. Bc2 g6 27. g4 h5
28. h3 Nf4 29. Kh2 Rxd1 30. Rxd1 hxg4 31. hxg4 Nd5 32. Re1 Kg7 33. Kg3 gxf5 34.
gxf5 Kh6 35. Kf3 bxa4 36. f6 Kg5 37. Rg1+ Kh6 38. Rh1+ Kg5 39. Rg1+ Kh6 40.
Rh1+ Kg5 41. Rg1+ 1/2-1/2

[Event "4NCL"]
[Site "De Vere, Sunningdale, ENG"]
[Date "2011.02.20"]
[Round "6.31"]
[White "Truran, Michael C"]
[Black "Cole, Tristram C"]
[Result "1-0"]
[WhiteElo "2195"]
[BlackElo "1882"]
[PlyCount "69"]
[EventDate "2011.??.??"]
[WhiteTeam "Brown Jack"]
[BlackTeam "Braille Chess Assoc"]

1. d4 d5 2. c4 e6 3. Nf3 Nf6 4. g3 Be7 5. Bg2 O-O 6. O-O Nbd7 7. Qc2 Ne4 8. b3
c6 9. Ba3 Bxa3 10. Nxa3 f5 11. Qb2 Ndf6 12. Ne5 Bd7 13. Nc2 Rc8 14. Ne1 b6 15.
N1d3 Qe7 16. Rac1 Rfd8 17. Rc2 dxc4 18. Nxc4 c5 19. Qa3 Bb5 20. f3 Bxc4 21.
bxc4 Ng5 22. dxc5 Nd7 23. Qxa7 Ra8 24. Qc7 bxc5 25. Qf4 Ra4 26. Qe3 Rda8 27. f4
Ne4 28. Bxe4 fxe4 29. Qxe4 Rxa2 30. Rxa2 Rxa2 31. Rb1 Qf6 32. Rb7 Qa1+ 33. Kf2
Nf8 34. Rb8 Qc3 35. Qxe6+ 1-0

[Event "4NCL"]
[Site "De Vere, Sunningdale, ENG"]
[Date "2011.02.20"]
[Round "6.31"]
[White "Burnell, Steve"]
[Black "Headlong, Timothy"]
[Result "0-1"]
[WhiteElo "1922"]
[BlackElo "2177"]
[PlyCount "96"]
[EventDate "2011.??.??"]
[WhiteTeam "Braille Chess Assoc"]
[BlackTeam "Brown Jack"]

1. d4 d5 2. c4 e6 3. Nf3 c5 4. cxd5 exd5 5. Nc3 Nc6 6. g3 Nf6 7. Bg2 Be7 8. O-O
O-O 9. Bg5 cxd4 10. Nxd4 h6 11. Be3 Re8 12. Rc1 Bf8 13. Nxc6 bxc6 14. Na4 Bd7
15. Nc5 Bxc5 16. Bxc5 Qa5 17. a3 Qb5 18. e3 a5 19. Bd4 Ne4 20. Qc2 Rac8 21.
Rfd1 c5 22. Bc3 Bc6 23. Bf1 Qb6 24. Bh3 Rb8 25. Bg2 a4 26. Bxe4 Rxe4 27. Bb4
Rc4 28. Bc3 Ba8 29. Qe2 Qe6 30. Qf1 h5 31. h3 Qe4 32. Kh2 Qf3 33. Re1 Re8 34.
Bd2 Rxc1 35. Rxc1 d4 36. Re1 Bc6 37. exd4 Rxe1 38. Bxe1 cxd4 39. Bb4 h4 40.
gxh4 Qf4+ 41. Kg1 Qxh4 42. Kh2 Qf4+ 43. Kg1 Qf3 44. Kh2 Kh7 45. Qg1 g6 46. Bc5
Qf4+ 47. Qg3 Qe4 48. Qg1 Qe5+ 0-1

[Event "4NCL"]
[Site "De Vere, Sunningdale, ENG"]
[Date "2011.02.20"]
[Round "6.31"]
[White "Haydon, Richard"]
[Black "Ross, David J"]
[Result "1-0"]
[WhiteElo "2164"]
[BlackElo "1842"]
[PlyCount "57"]
[EventDate "2011.??.??"]
[WhiteTeam "Brown Jack"]
[BlackTeam "Braille Chess Assoc"]

1. Nf3 e6 2. g3 d5 3. Bg2 Nf6 4. O-O Bd6 5. d3 e5 6. Nc3 c6 7. e4 d4 8. Ne2 Bg4
9. h3 Bxf3 10. Bxf3 h6 11. Bg2 g5 12. c3 c5 13. cxd4 exd4 14. e5 Bxe5 15. Bxb7
Nbd7 16. Bxa8 Qxa8 17. f4 Bd6 18. Qe1 Kf8 19. Qf2 g4 20. h4 Nd5 21. Bd2 f5 22.
Nc1 Kf7 23. Nb3 Qb7 24. Na5 Qc7 25. Nc4 Be7 26. Rae1 Bf6 27. Re5 Nxe5 28. fxe5
Ne3 29. Bxe3 1-0

[Event "4NCL"]
[Site "De Vere, Sunningdale, ENG"]
[Date "2011.02.20"]
[Round "6.31"]
[White "Irving, Alastair"]
[Black "Richmond, Jane"]
[Result "1/2-1/2"]
[WhiteElo "1578"]
[BlackElo "2077"]
[PlyCount "94"]
[EventDate "2011.??.??"]
[WhiteTeam "Braille Chess Assoc"]
[BlackTeam "Brown Jack"]

1. e4 e6 2. d3 d5 3. Nd2 Nf6 4. Ngf3 Be7 5. g3 O-O 6. Bg2 Nc6 7. O-O dxe4 8.
dxe4 e5 9. Re1 Be6 10. b3 Qd7 11. Bb2 Bb4 12. a3 Bxd2 13. Qxd2 Qxd2 14. Nxd2
Rad8 15. Nf3 Nd7 16. Rad1 f6 17. b4 Nb6 18. Nd2 Rd6 19. b5 Nd4 20. Bxd4 Rxd4
21. Nb3 Rxd1 22. Rxd1 Nc4 23. Nc5 Bc8 24. a4 b6 25. Nd7 Re8 26. Bh3 Kf7 27. f4
Ke7 28. fxe5 fxe5 29. Rd5 Rd8 30. Nxe5 Nxe5 31. Rxe5+ Kf6 32. Rh5 Rd1+ 33. Kg2
Rd2+ 34. Kg1 Bxh3 35. Rxh3 h6 36. c4 Ke5 37. Rh4 Rc2 38. Rg4 g5 39. h4 gxh4 40.
Rxh4 Rxc4 41. Rxh6 Rxa4 42. Kf2 Ra3 43. Rc6 Kxe4 44. Rxc7 Ra2+ 45. Ke1 Rb2 46.
Rxa7 Rxb5 47. Kd2 Rd5+ 1/2-1/2

[Event "4NCL"]
[Site "De Vere, Sunningdale, ENG"]
[Date "2011.02.20"]
[Round "6.32"]
[White "Haldane, Robin W"]
[Black "Healey, Michael W"]
[Result "1/2-1/2"]
[WhiteElo "2166"]
[BlackElo "2069"]
[PlyCount "123"]
[EventDate "2011.??.??"]
[WhiteTeam "Celtic Tigers 1"]
[BlackTeam "Oxford 2"]

1. e4 Nf6 2. e5 Nd5 3. d4 d6 4. c4 Nb6 5. exd6 exd6 6. Nf3 Bg4 7. Be2 Be7 8.
O-O O-O 9. h3 Bh5 10. b3 N8d7 11. Nc3 Re8 12. g4 Bg6 13. Kg2 c5 14. Be3 Nf8 15.
Qd2 Qd7 16. Nh2 Rad8 17. f4 f5 18. g5 d5 19. cxd5 Bf7 20. dxc5 Nxd5 21. Nxd5
Qxd5+ 22. Qxd5 Bxd5+ 23. Kf2 Ne6 24. b4 Bxg5 25. fxg5 f4 26. Bc1 Nxg5 27. Bf3
Bc4 28. Bxf4 Nxh3+ 29. Kg3 Nxf4 30. Kxf4 Rd4+ 31. Kg3 Bxf1 32. Rxf1 Rxb4 33.
Bd5+ Kh8 34. Ng4 h5 35. Nf2 Re3+ 36. Kg2 Re5 37. Rd1 Rg5+ 38. Kh3 g6 39. a3 Rb2
40. Nd3 Rc2 41. Bxb7 Rc3 42. c6 Ra5 43. Kg2 Raxa3 44. Nb4 a5 45. Rd8+ Kg7 46.
Rd7+ Kh6 47. c7 axb4 48. c8=Q Ra2+ 49. Kg1 Rxc8 50. Bxc8 b3 51. Rd6 Kg5 52. Bb7
Kf4 53. Rd4+ Ke3 54. Rb4 b2 55. Be4 Ra1+ 56. Kg2 g5 57. Bg6 g4 58. Rxb2 h4 59.
Bf5 g3 60. Bd7 Rd1 61. Rb3+ Rd3 62. Rxd3+ 1/2-1/2

[Event "4NCL"]
[Site "De Vere, Sunningdale, ENG"]
[Date "2011.02.20"]
[Round "6.32"]
[White "Foster, James M"]
[Black "Kemp, Peter D"]
[Result "1-0"]
[WhiteElo "2011"]
[BlackElo "2158"]
[PlyCount "93"]
[EventDate "2011.??.??"]
[WhiteTeam "Oxford 2"]
[BlackTeam "Celtic Tigers 1"]

1. e4 e5 2. Nf3 Nc6 3. Bc4 Bc5 4. c3 Nf6 5. d4 exd4 6. cxd4 Bb4+ 7. Bd2 Bxd2+
8. Nbxd2 d5 9. exd5 Nxd5 10. Qb3 Nce7 11. O-O O-O 12. Rfe1 c6 13. Ne4 Qb6 14.
Nd6 Qc7 15. Nxc8 Raxc8 16. Rac1 Nf6 17. Qa3 Ned5 18. Bxd5 Nxd5 19. Qxa7 Nf4 20.
Qa3 Qd7 21. g3 Ne6 22. Rcd1 Rfe8 23. Qb3 Rcd8 24. a3 Qd5 25. Qxd5 Rxd5 26. Re5
Red8 27. Rxd5 Rxd5 28. b4 g5 29. Kf1 g4 30. Ne5 h5 31. a4 Kg7 32. Nc4 Kf6 33.
a5 Ke7 34. Ne3 Rb5 35. d5 Nd8 36. Rd4 c5 37. Re4+ Kd6 38. bxc5+ Rxc5 39. Ra4
Rb5 40. a6 Rb1+ 41. Kg2 h4 42. gxh4 bxa6 43. Rxa6+ Kc7 44. h5 Nb7 45. Nxg4 Nd6
46. Ne5 Rb4 47. Rc6+ 1-0

[Event "4NCL"]
[Site "De Vere, Sunningdale, ENG"]
[Date "2011.02.20"]
[Round "6.32"]
[White "Pedersen, Carsten"]
[Black "Duggan, Christopher"]
[Result "1-0"]
[WhiteElo "2163"]
[BlackElo "2030"]
[PlyCount "49"]
[EventDate "2011.??.??"]
[WhiteTeam "Celtic Tigers 1"]
[BlackTeam "Oxford 2"]

1. e4 c5 2. Nc3 Nc6 3. g3 g6 4. Bg2 Bg7 5. d3 e6 6. Be3 d6 7. f4 Nge7 8. Nf3
Nd4 9. O-O O-O 10. e5 Nxf3+ 11. Qxf3 Nf5 12. Bf2 Nd4 13. Qd1 dxe5 14. fxe5 Bxe5
15. Ne4 f5 16. Nxc5 Qc7 17. b4 Rd8 18. c3 Nb5 19. Rc1 Rb8 20. Qb3 Re8 21. d4
Bg7 22. Rfe1 Nd6 23. Nxe6 Qc4 24. Qxc4 Nxc4 25. Bd5 1-0

[Event "4NCL"]
[Site "De Vere, Sunningdale, ENG"]
[Date "2011.02.20"]
[Round "6.32"]
[White "Hadi, Justin"]
[Black "French, Angus J"]
[Result "1/2-1/2"]
[WhiteElo "2051"]
[BlackElo "2118"]
[PlyCount "92"]
[EventDate "2011.??.??"]
[WhiteTeam "Oxford 2"]
[BlackTeam "Celtic Tigers 1"]

1. e4 Nf6 2. Nc3 e5 3. Nf3 Bb4 4. Nxe5 O-O 5. Nd3 Bxc3 6. dxc3 Nxe4 7. Be2 d6
8. O-O Nd7 9. c4 b6 10. f3 Nec5 11. b3 Bb7 12. Bb2 Qh4 13. Qe1 Qh6 14. Qg3 Rae8
15. Rae1 Ne6 16. Bc1 Qf6 17. Bb2 Qg6 18. Bd1 Qxg3 19. hxg3 f5 20. Nf4 Nxf4 21.
gxf4 Nc5 22. Kf2 Kf7 23. a3 Re6 24. Rxe6 Nxe6 25. g3 h5 26. Bc1 a5 27. Kg2 Bc6
28. Kh3 Re8 29. Bd2 g6 30. Kg2 Rd8 31. Be2 d5 32. Bc3 d4 33. Bd2 Nc5 34. Bd3
Re8 35. Re1 Nxd3 36. cxd3 Rxe1 37. Bxe1 Bb7 38. Bf2 c5 39. Be1 Bc6 40. a4 Kf6
41. Bd2 Kg7 42. Bc1 Kf7 43. Bd2 Kf6 44. Bc1 Kg7 45. Bd2 Kh6 46. Bc1 Kg7 1/2-1/2

[Event "4NCL"]
[Site "De Vere, Sunningdale, ENG"]
[Date "2011.02.20"]
[Round "6.32"]
[White "Friar, Jim A"]
[Black "Foo, William J"]
[Result "1-0"]
[WhiteElo "1954"]
[BlackElo "1880"]
[PlyCount "47"]
[EventDate "2011.??.??"]
[WhiteTeam "Celtic Tigers 1"]
[BlackTeam "Oxford 2"]

1. e4 c5 2. d4 cxd4 3. c3 d5 4. exd5 Nf6 5. Bc4 dxc3 6. Nxc3 g6 7. Bf4 a6 8.
Rc1 Nbd7 9. Nf3 Bg7 10. O-O Nh5 11. Be3 b5 12. Bb3 Bb7 13. Nd4 Rc8 14. Nc6 Bxc6
15. dxc6 Ne5 16. Qxd8+ Kxd8 17. Bb6+ Ke8 18. c7 Nf4 19. Rcd1 Nfd3 20. Bd5 Nc4
21. Bb7 Nxb6 22. Bxc8 Nxc8 23. Rxd3 Nd6 24. Rxd6 1-0

[Event "4NCL"]
[Site "De Vere, Sunningdale, ENG"]
[Date "2011.02.20"]
[Round "6.32"]
[White "Neatherway, A Philip"]
[Black "Evans, Craig"]
[Result "1-0"]
[WhiteElo "1930"]
[BlackElo "2026"]
[PlyCount "75"]
[EventDate "2011.??.??"]
[WhiteTeam "Oxford 2"]
[BlackTeam "Celtic Tigers 1"]

1. e4 Nf6 2. e5 Nd5 3. c4 Nb6 4. d4 d6 5. exd6 cxd6 6. Nc3 g6 7. Bd3 Bg7 8. Be3
O-O 9. Nge2 Nc6 10. O-O d5 11. c5 Nc4 12. Bxc4 dxc4 13. b3 cxb3 14. axb3 Bf5
15. Qd2 Na5 16. Qa2 b6 17. Rfd1 Nc6 18. Qa4 Bd7 19. d5 Ne5 20. c6 Bf5 21. Bd4
a6 22. Ng3 b5 23. Qb4 Qc7 24. Nxf5 gxf5 25. Rac1 Bh6 26. Rc2 Ng4 27. g3 f4 28.
Re2 e5 29. dxe6 Qxc6 30. e7 f3 31. Ree1 Rfe8 32. Qc5 Qg6 33. Ne4 Rac8 34. Qd6
Rc6 35. Qd7 f5 36. Qd5+ Qe6 37. Nf6+ Nxf6 38. Rxe6 1-0

[Event "4NCL"]
[Site "De Vere, Sunningdale, ENG"]
[Date "2011.02.20"]
[Round "6.33"]
[White "Jones, Victor GL"]
[Black "Pleasants, Allan J"]
[Result "1/2-1/2"]
[WhiteElo "2119"]
[BlackElo "2056"]
[PlyCount "94"]
[EventDate "2011.??.??"]
[WhiteTeam "KJCA Kings"]
[BlackTeam "Wessex 2"]

1. d4 g6 2. Nf3 Bg7 3. g3 d5 4. Bg2 Nf6 5. O-O O-O 6. c4 c6 7. Nc3 Nbd7 8. Qb3
Nb6 9. c5 Nbd7 10. Bf4 Nh5 11. Bg5 h6 12. Bd2 Qc7 13. e4 dxe4 14. Nxe4 Ndf6 15.
Nxf6+ exf6 16. d5 cxd5 17. Rac1 f5 18. Bc3 Bd7 19. Bxg7 Nxg7 20. Nd4 Ne6 21.
Qxd5 Nxd4 22. Qxd4 Bc6 23. Bxc6 Qxc6 24. Rfd1 Rfe8 25. Rc2 Re4 26. Qd6 Qa4 27.
b3 Qb4 28. Qd2 Qb5 29. Qxh6 Rae8 30. Qd2 f4 31. Qc3 f3 32. h3 Re2 33. Rxe2 fxe2
34. Re1 Qd7 35. h4 Qg4 36. Kg2 Qf5 37. f3 Qd5 38. Kf2 Qd1 39. Qc4 Qd2 40. Rxe2
Rxe2+ 41. Qxe2 Qd4+ 42. Kg2 Qxc5 43. g4 a5 44. Kg3 Qd4 45. Qb5 Qg1+ 46. Kf4
Qd4+ 47. Kg3 Qg1+ 1/2-1/2

[Event "4NCL"]
[Site "De Vere, Sunningdale, ENG"]
[Date "2011.02.20"]
[Round "6.33"]
[White "Furjel, Andrej"]
[Black "Foord, Dominic"]
[Result "1/2-1/2"]
[WhiteElo "2031"]
[BlackElo "2045"]
[PlyCount "107"]
[EventDate "2011.??.??"]
[WhiteTeam "Wessex 2"]
[BlackTeam "KJCA Kings"]

1. Nf3 d5 2. d4 Nf6 3. c4 e6 4. g3 Bb4+ 5. Bd2 Be7 6. Nc3 c6 7. b3 Ne4 8. Bg2
Nxd2 9. Qxd2 f5 10. O-O Nd7 11. Rad1 O-O 12. e3 g5 13. Ne5 Nxe5 14. dxe5 Kg7
15. f4 Qa5 16. cxd5 exd5 17. Qc2 Be6 18. Ne2 Rae8 19. Nd4 Bd8 20. fxg5 Bxg5 21.
Nxe6+ Rxe6 22. Rxf5 Bxe3+ 23. Kh1 Qc5 24. Qd3 Rxf5 25. Qxf5 Qe7 26. Qg4+ Kh8
27. Rf1 Bh6 28. Re1 Bg7 29. Qf5 h6 30. Bh3 Rf6 31. exf6 Qxe1+ 32. Bf1 Bf8 33.
Kg2 Qe4+ 34. Qxe4 dxe4 35. g4 Kh7 36. Bc4 Kg6 37. f7 Kf6 38. a4 Kg5 39. Be6 Kf4
40. Kf2 Ke5 41. Bc8 b6 42. Bd7 Kd5 43. Ke2 Bc5 44. Be8 a6 45. h4 b5 46. axb5
cxb5 47. g5 hxg5 48. hxg5 Kd4 49. Bd7 Be7 50. g6 Bf8 51. Bc8 a5 52. Bd7 b4 53.
Be6 Bh6 54. Bd7 1/2-1/2

[Event "4NCL"]
[Site "De Vere, Sunningdale, ENG"]
[Date "2011.02.20"]
[Round "6.33"]
[White "Jones, William EG"]
[Black "Taylor-Bowd, Philip J"]
[Result "1/2-1/2"]
[WhiteElo "2115"]
[BlackElo "2033"]
[PlyCount "89"]
[EventDate "2011.??.??"]
[WhiteTeam "KJCA Kings"]
[BlackTeam "Wessex 2"]

1. e4 d6 2. d4 Nf6 3. Nc3 e5 4. Nf3 Nbd7 5. Bc4 Be7 6. O-O O-O 7. Re1 c6 8. a4
b6 9. Bg5 a6 10. Bxf6 Bxf6 11. d5 c5 12. h3 g6 13. g4 Bg5 14. Kh1 Kh8 15. Nxg5
Qxg5 16. Qf3 Kg7 17. Ne2 Rh8 18. Ng3 Qh4 19. Bf1 Nf6 20. Kg1 h5 21. gxh5 Nxh5
22. Nxh5+ Rxh5 23. Ra3 f5 24. Rb3 Rb8 25. exf5 Bxf5 26. Rc3 Qxa4 27. Ra3 Qd7
28. Rxa6 Bxh3 29. Bxh3 Rxh3 30. Ra7 Qxa7 31. Qxh3 Qe7 32. Re3 Rh8 33. Qg4 Rh4
34. Qc8 Qg5+ 35. Kf1 Rh1+ 36. Ke2 Qh5+ 37. Rf3 Re1+ 38. Kxe1 Qxf3 39. Qd7+ Kh6
40. Qxd6 Qe4+ 41. Kf1 Qh1+ 42. Ke2 Qe4+ 43. Kf1 Qh1+ 44. Ke2 Qe4+ 45. Kf1
1/2-1/2

[Event "4NCL"]
[Site "De Vere, Sunningdale, ENG"]
[Date "2011.02.20"]
[Round "6.33"]
[White "Gregory, Keith DF"]
[Black "Maguire, Robert"]
[Result "1-0"]
[WhiteElo "2062"]
[BlackElo "1925"]
[PlyCount "115"]
[EventDate "2011.??.??"]
[WhiteTeam "Wessex 2"]
[BlackTeam "KJCA Kings"]

1. Nf3 d6 2. g3 Nf6 3. Bg2 g6 4. b3 Bg7 5. Bb2 O-O 6. O-O c6 7. c4 e5 8. d3
Nbd7 9. Nbd2 Re8 10. Qc2 Nc5 11. b4 Ncd7 12. a4 d5 13. e4 d4 14. Nb3 b6 15. b5
c5 16. a5 Bb7 17. Nfd2 Qc7 18. Ra2 Rad8 19. Rfa1 Rb8 20. Qd1 Bf8 21. Qe2 Bd6
22. Bc1 Nh5 23. Bh3 Ng7 24. f3 f5 25. Nf1 Nf6 26. Bh6 Nfh5 27. Nbd2 f4 28. Qg2
Kf7 29. Bg4 Nf6 30. Bh3 Nfh5 31. Bg4 Nf6 32. Bh3 Ngh5 33. g4 Ng7 34. Bxg7 Kxg7
35. g5 Ng8 36. Bg4 Rf8 37. Be6 Rfe8 38. Bd5 Ne7 39. h4 Bxd5 40. cxd5 bxa5 41.
Rxa5 Rb7 42. Nc4 Nc8 43. Qg4 Bf8 44. Nfd2 Nd6 45. Nxd6 Bxd6 46. Nc4 Bf8 47. Ra6
Qb8 48. R1a5 Kg8 49. d6 Bg7 50. d7 Rd8 51. Qe6+ Kf8 52. Rd6 Qc7 53. Nxe5 Bxe5
54. Qxe5 Rxd7 55. Qh8+ Ke7 56. Rf6 Qb8 57. Qg7+ Kd8 58. Qf8+ 1-0

[Event "4NCL"]
[Site "De Vere, Sunningdale, ENG"]
[Date "2011.02.20"]
[Round "6.33"]
[White "Bayliss, Lyall CP"]
[Black "Marsh, Roger DW"]
[Result "1/2-1/2"]
[WhiteElo "1963"]
[BlackElo "2017"]
[PlyCount "129"]
[EventDate "2011.??.??"]
[WhiteTeam "KJCA Kings"]
[BlackTeam "Wessex 2"]

1. e4 g6 2. d4 Bg7 3. Nf3 c6 4. Bc4 d5 5. exd5 cxd5 6. Bb3 Nf6 7. c3 Nc6 8. Bf4
Bg4 9. h3 Bxf3 10. Qxf3 e6 11. O-O Ne4 12. Nd2 Nxd2 13. Bxd2 O-O 14. Rad1 b5
15. Qd3 Qb6 16. h4 h5 17. Bc2 f5 18. Rfe1 Rfe8 19. Re3 a5 20. Rde1 Kf7 21. a4
b4 22. Qb5 Qxb5 23. axb5 bxc3 24. bxc3 Nd8 25. Ba4 Re7 26. R3e2 Bf6 27. g3 Nb7
28. Bf4 Rc8 29. Re3 Ree8 30. b6 Re7 31. Bc7 Nd8 32. f4 Rcxc7 33. bxc7 Rxc7 34.
Rb1 Nb7 35. Rb6 Be7 36. Rexe6 Nd6 37. Rexd6 Bxd6 38. Rxd6 Rxc3 39. Rxd5 Rxg3+
40. Kf2 Ke6 41. Rxa5 Rd3 42. d5+ Kd6 43. Bc6 Rh3 44. Ba8 Rxh4 45. Ra6+ Kd7 46.
Ke3 Rg4 47. Bc6+ Kd6 48. Ra7 h4 49. Rd7+ Kc5 50. Ba8 Rg3+ 51. Kf2 Ra3 52. Rc7+
Kd4 53. Rc8 Ra2+ 54. Kg1 Ke3 55. d6 Rd2 56. Re8+ Kxf4 57. Re6 g5 58. Bc6 h3 59.
d7 g4 60. Re2 Rd4 61. Kh2 Rd3 62. Re8 g3+ 63. Kxh3 Rd2 64. Bg2 Rxd7 65. Rh8
1/2-1/2

[Event "4NCL"]
[Site "De Vere, Sunningdale, ENG"]
[Date "2011.02.20"]
[Round "6.33"]
[White "Clark, Ian C"]
[Black "Gahir, Jasdeep"]
[Result "1/2-1/2"]
[WhiteElo "2067"]
[BlackElo "1839"]
[PlyCount "69"]
[EventDate "2011.??.??"]
[WhiteTeam "Wessex 2"]
[BlackTeam "KJCA Kings"]

1. e4 c5 2. Nf3 d6 3. d4 cxd4 4. Nxd4 Nf6 5. Nc3 g6 6. Be3 Bg7 7. f3 Nc6 8. Qd2
O-O 9. O-O-O Nxd4 10. Bxd4 Be6 11. g4 Qa5 12. g5 Nh5 13. Bxg7 Nxg7 14. Nd5
Qxd2+ 15. Rxd2 Bxd5 16. Rxd5 f6 17. gxf6 Rxf6 18. Bc4 Kh8 19. e5 dxe5 20. Rxe5
e6 21. Rd1 Raf8 22. Rc5 R6f7 23. Rd3 Kg8 24. Ra3 b6 25. Re5 Re7 26. Rae3 Rff7
27. Rxe6 Nxe6 28. Bxe6 Kg7 29. Bxf7 Rxf7 30. Kd2 Kf6 31. Re4 g5 32. a4 Kf5 33.
h4 h5 34. Ke3 Rh7 35. Kf2 1/2-1/2

[Event "4NCL"]
[Site "De Vere, Sunningdale, ENG"]
[Date "2011.02.20"]
[Round "6.34"]
[White "Salimbeni, George PW"]
[Black "Bennett, Dominic"]
[Result "1/2-1/2"]
[WhiteElo "2159"]
[BlackElo "2011"]
[PlyCount "40"]
[EventDate "2011.??.??"]
[WhiteTeam "Sussex Smart Controls"]
[BlackTeam "Bristol 2"]

1. e4 c6 2. Nc3 d5 3. Nf3 Bg4 4. h3 Bh5 5. exd5 cxd5 6. Bb5+ Nc6 7. g4 Bg6 8.
Ne5 Qd6 9. d4 a6 10. Bxc6+ bxc6 11. Bf4 h5 12. Qe2 Qf6 13. Nxg6 Qxg6 14. O-O-O
Qf6 15. Be5 Qe6 16. Qf3 hxg4 17. hxg4 Rxh1 18. Rxh1 f6 19. Bg3 Nh6 20. g5 Qf5
1/2-1/2

[Event "4NCL"]
[Site "De Vere, Sunningdale, ENG"]
[Date "2011.02.20"]
[Round "6.34"]
[White "Humphreys, Jerry G"]
[Black "Graham, David B"]
[Result "1/2-1/2"]
[WhiteElo "2066"]
[BlackElo "2205"]
[PlyCount "82"]
[EventDate "2011.??.??"]
[WhiteTeam "Bristol 2"]
[BlackTeam "Sussex Smart Controls"]

1. e4 e6 2. d4 d5 3. Nd2 c5 4. exd5 exd5 5. Ngf3 Nc6 6. Bb5 Bd6 7. dxc5 Bxc5 8.
O-O Nge7 9. Nb3 Bd6 10. Re1 O-O 11. Bg5 Bg4 12. Be2 Re8 13. c3 Qc7 14. h3 Bd7
15. Nbd4 a6 16. Qc2 f6 17. Be3 Ne5 18. Rad1 Rad8 19. Kh1 Qc8 20. Bf1 Nf5 21.
Qb3 Nxe3 22. Rxe3 Nc4 23. Ree1 b5 24. a3 Rxe1 25. Rxe1 Re8 26. Rd1 Bb8 27. Qc2
g6 28. Qc1 Kg7 29. b3 Nd6 30. Kg1 Qc7 31. Re1 Ne4 32. c4 dxc4 33. bxc4 Qb6 34.
Qc2 f5 35. cxb5 Bxb5 36. Nxb5 axb5 37. Qb2+ Kh6 38. Bxb5 Rc8 39. a4 Bg3 40. Re2
Rd8 41. Qc1+ Kg7 1/2-1/2

[Event "4NCL"]
[Site "De Vere, Sunningdale, ENG"]
[Date "2011.02.20"]
[Round "6.34"]
[White "Grant, David J"]
[Black "Pugh, Derek C"]
[Result "1/2-1/2"]
[WhiteElo "2095"]
[BlackElo "2050"]
[PlyCount "70"]
[EventDate "2011.??.??"]
[WhiteTeam "Sussex Smart Controls"]
[BlackTeam "Bristol 2"]

1. e4 Nc6 2. Nf3 e5 3. Bb5 Nd4 4. Nxd4 exd4 5. O-O c6 6. Bc4 Nf6 7. Re1 d6 8.
c3 Ng4 9. h3 Ne5 10. Bf1 Qb6 11. cxd4 Qxd4 12. d3 Be7 13. Nc3 Qb6 14. d4 Nd7
15. Bc4 O-O 16. Bb3 a5 17. Bf4 Qd8 18. Qf3 Nb6 19. Qg3 Kh8 20. a4 Ra6 21. Rad1
d5 22. exd5 Nxd5 23. Be5 f6 24. Nxd5 cxd5 25. Bc7 Qd7 26. Re3 Bb4 27. Bf4 b5
28. axb5 Qxb5 29. Qf3 Bb7 30. Bc2 Qd7 31. Qh5 g5 32. Bg3 Qf7 33. Qh6 Qg7 34.
Qh5 Qf7 35. Qh6 Qg7 1/2-1/2

[Event "4NCL"]
[Site "De Vere, Sunningdale, ENG"]
[Date "2011.02.20"]
[Round "6.34"]
[White "Bromilow, Edward T"]
[Black "Payne, Matthew J"]
[Result "0-1"]
[WhiteElo "1930"]
[BlackElo "1874"]
[PlyCount "34"]
[EventDate "2011.??.??"]
[WhiteTeam "Bristol 2"]
[BlackTeam "Sussex Smart Controls"]

1. d4 Nf6 2. Nf3 g6 3. Nc3 d5 4. Bf4 Bg7 5. Qd2 Ne4 6. Nxe4 dxe4 7. Ne5 b5 8.
e3 a6 9. h3 f6 10. Ng4 h5 11. Nh2 g5 12. Bg3 h4 13. c4 hxg3 14. fxg3 Qd6 15.
O-O-O c6 16. c5 Qd5 17. Kb1 a5 0-1

[Event "4NCL"]
[Site "De Vere, Sunningdale, ENG"]
[Date "2011.02.20"]
[Round "6.34"]
[White "Yates, Christopher"]
[Black "Dunlop, Neil J"]
[Result "1/2-1/2"]
[WhiteElo "1882"]
[BlackElo "1923"]
[PlyCount "46"]
[EventDate "2011.??.??"]
[WhiteTeam "Sussex Smart Controls"]
[BlackTeam "Bristol 2"]

1. d4 Nf6 2. c4 g6 3. Nc3 Bg7 4. e4 d6 5. Be2 O-O 6. f4 c5 7. Nf3 cxd4 8. Nxd4
Nc6 9. Be3 Nd7 10. O-O Nc5 11. Qd2 Ne6 12. Nxe6 Bxe6 13. Kh1 b6 14. f5 Bc8 15.
Bh6 Ne5 16. Bxg7 Kxg7 17. Rad1 f6 18. Nd5 g5 19. h4 h6 20. Ne3 Bb7 21. Qd4 Qd7
22. b3 Nc6 23. Qd2 Ne5 1/2-1/2

[Event "4NCL"]
[Site "De Vere, Sunningdale, ENG"]
[Date "2011.02.20"]
[Round "6.35"]
[White "Brown, Alan M"]
[Black "Scott, Gordon W"]
[Result "1/2-1/2"]
[WhiteElo "2092"]
[BlackElo "2026"]
[PlyCount "59"]
[EventDate "2011.??.??"]
[WhiteTeam "FCA Solutions 1"]
[BlackTeam "Anglian Avengers 2"]

1. d4 Nf6 2. c4 g6 3. Nc3 d5 4. Bf4 Bg7 5. e3 O-O 6. Nf3 c5 7. Be2 Nc6 8. O-O
cxd4 9. exd4 Bf5 10. Ne5 dxc4 11. Nxc6 bxc6 12. Bxc4 Nd5 13. Be5 Qa5 14. Qa4
Qxa4 15. Nxa4 Nb6 16. Bb3 Rfd8 17. Rac1 Bxe5 18. dxe5 Nxa4 19. Bxa4 Rab8 20.
Bb3 Be4 21. Rfd1 Bd5 22. Bxd5 Rxd5 23. Rxd5 cxd5 24. b3 Rb7 25. Kf1 e6 26. Rc8+
Kg7 27. Ke2 f6 28. Re8 Kf7 29. Rh8 Kg7 30. Re8 1/2-1/2

[Event "4NCL"]
[Site "De Vere, Sunningdale, ENG"]
[Date "2011.02.20"]
[Round "6.35"]
[White "Bucknell, Malcolm G"]
[Black "Tippleston, Charles E"]
[Result "1/2-1/2"]
[WhiteElo "1956"]
[BlackElo "2150"]
[PlyCount "97"]
[EventDate "2011.??.??"]
[WhiteTeam "Anglian Avengers 2"]
[BlackTeam "FCA Solutions 1"]

1. Nf3 Nf6 2. d4 e6 3. g3 b6 4. Bg2 Bb7 5. O-O c5 6. c3 Be7 7. Re1 O-O 8. Nbd2
d5 9. Ne5 Nbd7 10. Ndf3 Nxe5 11. Nxe5 Nd7 12. Nd3 cxd4 13. cxd4 Bf6 14. Be3 Nb8
15. Ne5 Nc6 16. Nxc6 Bxc6 17. Bf4 Rc8 18. h4 Qd7 19. e3 Be7 20. Qd2 a5 21. a3
Ba4 22. Rec1 Rxc1+ 23. Rxc1 Rc8 24. Rc3 f6 25. Qc1 Rxc3 26. Qxc3 Bc6 27. Bf1 g6
28. Be2 Kf7 29. g4 Bd6 30. Bxd6 Qxd6 31. Qb3 Bd7 32. Bf3 Qc6 33. Qc3 Qxc3 34.
bxc3 Bb5 35. g5 Kg7 36. Kg2 h6 37. Bg4 Bd7 38. gxf6+ Kxf6 39. Kg3 Ba4 40. Be2
Bc2 41. Bb5 e5 42. Bc6 exd4 43. exd4 Bb3 44. Bd7 Bc2 45. Bc6 Ke6 46. Kf4 Bd3
47. Be8 Kf6 48. Bc6 Bc4 49. Bd7 1/2-1/2